1856 1709 1200 1640 1724 1333 1877 1731 1416 1004 1644 1812 1242 1290 1094 1720 1373 1050 1565 1587 1946 1694 1366 1986 1595 1775 1585 1483 1245 1041 1183 1288 1190 1131 1030 1044 1639 1800 1163 1787 1775 1997 1148 1186 1251 1733 1990 1993 1360 1936 1842 1367 1718 1485 1951 1639 1835 1084 1114 1376 1499 1801 1129 1669 1917 1880 1583 1239 1414 1182 1997 1089 1457 1814 1446 1937 1298 1434 1531 1917 1707 1206 1044 1591 1169 1823 1594 1998 1087 1622 1001 1478 1297 1727 1014 1276 1441 1010 1928 BCNSPRNW ULIB Ver.6.0+V

เปลี่ยนเป็นภาษาไทย

Change to English
 แสดงรายละเอียดบรรณานุกรม
  กลับหน้าหลัก

Brief Record : Get Marc (ISO 2709) : E-mail record : QR code < ปิดหน้าต่าง
LEADER : 00000nam 2200000uu 4500
001    13399123643
003     ULIB
008    141027s2550||||th 000 0 tha d
020    9789747547108
099    นว.^bว637ร
100 0  ว.วินิจฉัยกุล
245 00 รัตนโกสินทร์/^cว.วินิจฉัยกุล
260    กรุงเทพฯ:^bทรีบีส์ฒ^c2550
300    638 หน้า
945    ^p380^l0^i023618
999    ^aเกษร โพธิ์สุวรรณ
รายการนี้ยังไม่มีแท็ก
คุณยังไม่ได้ล็อกอิน คุณสามารถมีกิจกรรมร่วมกับเว็บไซต์ได้ แต่ต้องล็อกอินก่อน ::
  ล็อกอิน

รายการสื่อสารสนเทศ

ลำดับที่ ประเภท เลขเรียก/บาร์โค้ด สถานที่ สถานะ
1. นวนิยาย
นวนิยาย
นว. ว637ร ฉ.1 
  Barcode: 023618
ห้องสมุดวิทยาเขตนครสวรรค์
►นวนิยาย:l:Fiction
บนชั้น

รายการใกล้เคียง
    ผู้แต่ง [ว.วินิจฉัยกุล]

BibComment


ยังไม่เคยถูกคอมเมนท์

คอมเมนท์ทรัพยากรรายการนี้
  คอมเมนท์: รัตนโกสินทร์ ววิน..


 Copyright 2026. Bcnsprnw @Library